000
00296nam a22001217a 4500
082
_a
621.38131 MID'S
100
_a
MIDDLETON, R. G
_9
57470
245
_a
SCOPE WAVEFORM ANALYSIS
260
_a
NEWYORK
_b
HOWARDS W. SAMS
_c
1963
300
_a
160P
650
_a
WAVEFORM ANALYSIS
_9
57471
942
_c
BK
999
_c
567746
_d
567746